000 00665cam a22002413a 4500
001 20756
003 PGUSA
005 20140828083437.0
008 070306s2007||||xxu|||||s|||||000 1 eng d
040 _aPGUSA
_beng
042 _adc
050 4 _aPS
100 1 _aGoldsmith, Milton,
_d1861-1957
245 1 0 _aRabbi and Priest :
_bA Story
_h[electronic resource] /
_cMilton Goldsmith
260 _bProject Gutenberg,
_c2007
506 _aPublic domain in the USA.
516 _aElectronic text
653 _aJews -- Fiction
653 _aJewish fiction
830 0 _aProject Gutenberg
_v20756
856 4 0 _uhttp://www.gutenberg.org/ebooks/20756
942 _cEB
999 _c250011
_d250011